000 02233cam a2200361 i 4500
999 _c16728
_d16728
001 22135070
005 20220315130715.0
008 210715t20222022flua b 001 0 eng
010 _a 2021020846
020 _a9780367077952
020 _a9781032106229
020 _z9780429022838
040 _aDLC
_beng
_cDLC
_erda
_dDLC
042 _apcc
050 0 0 _aQA9.A5
_bJ43 2022
082 0 0 _aDC 511.3
_22022
_bJ348
100 1 _aJebril, Iqbal H.,
_eauthor.
_944725
245 1 0 _aConcise introduction to logic and set theory /
_cIqbal H. Jebril, Hemen Dutta, and Ilwoo Cho.
250 _aFirst edition.
260 _aBoca Raton :
_bSRC Press ,
_c©2022.
300 _aix, 160 pages :
_billustrations ;
_c25 cm.
490 0 _aMathematics and its applications: modelling, engineering, and social sciences
504 _aIncludes bibliographical references (page 157) and index.
520 _a"This book deals with two important branches of mathematics, namely, logic and set theory. Logic and set theory are closely related and play very crucial roles in the foundation of mathematics, and together produce several results in all of mathematics. The topics of logic and set theory are required in many areas of physical sciences, engineering, and technology. The book offers solved examples and exercises, and provides reasonable details to each topic discussed, for easy understanding. The book is designed for readers from various disciplines where mathematical logic and set theory play a crucial role. The book will be of interested to students and instructors in engineering, mathematics, computer science, and technology"--
650 0 _aLogic, Symbolic and mathematical.
_940218
650 0 _aSet theory.
_944726
700 1 _aDutta, Hemen,
_d1981-
_eauthor.
_944727
700 1 _aCho, Ilwoo,
_eauthor.
_944728
776 0 8 _iOnline version:
_aJebril, Iqbal H.
_tConcise introduction to logic and set theory
_bFirst edition.
_dBoca Raton : CRC Press, Taylor & Francis Group, 2022
_z9780429022838
_w(DLC) 2021020847
906 _a7
_bcbc
_corignew
_d1
_eecip
_f20
_gy-gencatlg
942 _2ddc
_cDC